000 01214cab a2200325 4500
001 ABS49608
008 090401t1993 xxu||||| |||| 00| 0 eng d
035 _a(Sirsi) u71930
041 _aeng
245 _aFirms` foundations
260 _c1993
350 _a0
490 _aContract Journal
_v371(5651) 18 November 1993, 16-28(13)
520 _aA feature on foundations, looking at the omission of clause 12 from the ICE conditions in exchange for a lump sum payment, subsidence and the adequacy of guidelines for building on shrinkable clay, problems working on constricted urban sites, piling for the new Scottish Office building and other working methods.
650 _aBOTTOMS V YORK CORPORATION
650 _aCLAY SOIL
650 _aBUILT ENVIRONMENT-BUILDING ELEMENTS-COMPLETE BUILDING ELEMENTS-FOUNDATIONS
650 _aHUMBER OIL TERMINALS TRUSTEES LTD V HARBOUR & GENERAL WORKS
650 _aLEITH
650 _aPILING
650 _aRISK
650 _aSITE INVESTIGATION
650 _aSOLETANCHE
650 _aSUBSIDENCE
650 _aTHORN V LONDON CORPORATION
650 _aWESTPILE
690 _aBUILT ENVIRONMENT-CONSTRUCTION DESIGN
942 _n0
948 _c04/03/1997
999 _c45370
_d45370